| 000 | 00854cam a2200229 4500 | ||
|---|---|---|---|
| 001 | ABS67759 | ||
| 008 | 040507n2004 000 0 eng u | ||
| 035 | _a(Sirsi) u126135 | ||
| 100 | _aMorphet, J. | ||
| 245 | _aDelivering e-planning | ||
| 260 | _c2004 | ||
| 490 |
_aTown and Country Planning _vApril 2004, 128-130(3) |
||
| 520 | _aExamines the financial support programmes available to help local authorities implement e-planning by the target date of 31 December 2005. These include the ODPM's Local Government On-line Programme, the Planning Delivery Grant, Planning and Regulatory Services and Planning and Regulatory Services On-line. | ||
| 590 | _aABS | ||
| 590 | _aABS | ||
| 650 | _aEPLANNING | ||
| 650 | _aPLANNING SYSTEM | ||
| 650 | _aPLANNING REFORM | ||
| 650 | _aPLANNING PORTAL | ||
| 690 | _aPLANNING-PRACTICE | ||
| 942 | _n0 | ||
| 999 |
_c117319 _d117319 |
||